Statistics for Countries of Africa

Click here to take the quiz!

General Stats

  • This quiz has been taken 26 times
  • The average score is 47 of 54

Answer Stats

HintAnswer% Correct
2Angola
96%
16Egypt
96%
26Kenya
96%
35Morocco
96%
46South Africa
96%
54Zimbabwe
96%
1Algeria
92%
4Botswana
92%
8Cameroon
92%
7Cape Verde
92%
9Central African Republic
92%
10Chad
92%
12Congo
92%
15DR Congo
92%
20Ethiopia
92%
30Madagascar
92%
45Somalia
92%
51Tunisia
92%
52Uganda
92%
53Zambia
92%
24Ghana
88%
23Guinea
88%
28Liberia
88%
29Libya
88%
31Malawi
88%
32Mali
88%
36Mozambique
88%
38Niger
88%
39Nigeria
88%
40Rwanda
88%
42Senegal
88%
44Sierra Leone
88%
50Togo
88%
5Burkina Faso
83%
11Comoros
83%
17Equatorial Guinea
83%
18Eritrea
83%
19Eswatini
83%
21Gabon
83%
25Guinea Bissau
83%
13Ivory Coast
83%
27Lesotho
83%
34Mauritius
83%
41Sao Tome
83%
43Seychelles
83%
47South Sudan
83%
48Sudan
83%
3Benin
79%
6Burundi
79%
14Djibouti
79%
22Gambia
79%
33Mauritania
79%
37Namibia
79%
49Tanzania
79%

Score Distribution

Percentile by Number Answered

Percent of People with Each Score

Your Score History

You have not taken this quiz